| 000 | 01251nam a22003377a 4500 | ||
|---|---|---|---|
| 003 | CHAP | ||
| 005 | 20220329133844.0 | ||
| 008 | 971013s1986 mx a r 00010 spa d | ||
| 010 | _a11846 | ||
| 011 | _a12818 | ||
| 035 | _a16518 | ||
| 040 | _cCHAP | ||
| 090 | _aTesis | ||
| 100 | 0 | 0 |
_aRodríguez Hernández, Cesáreo. _998582 |
| 245 | 1 | 0 |
_aActividad tóxica de Cestrum spp (Solanaceae) en larvas del mosquito casero Culex quinquefasciatus say (Diptera: Culicidae) _c/por Cesáreo Rodríguez Hernández |
| 260 |
_aChapingo, Mex. : _bEl autor, _c1986 |
||
| 300 |
_a83 h. : _bilus., gráfs. |
||
| 502 | _aTesis (Maestro en Ciencias Esp. en Entomología y Acarología) -- CP. Centro de Entomología y Acarología | ||
| 590 |
_aALEPH _b10 _c20130110 _lUCH01 _h1230 |
||
| 590 |
_aBATCH-UPD _b10 _c20130110 _lUCH01 _h0209 |
||
| 590 |
_aBATCH-UPD _b10 _c20130110 _lUCH01 _h1942 |
||
| 590 |
_aBATCH-UPD _b10 _c20130410 _lUCH01 _h1305 |
||
| 590 |
_aBATCH-UPD _b10 _c20130914 _lUCH01 _h0917 |
||
| 590 |
_aCONVERSION _b10 _c20130109 _lUCH01 _h1308 |
||
| 650 | 1 | 4 |
_aCestrum. _921654 |
| 650 | 1 | 4 |
_aCulex quinquefasciatus. _930202 |
| 650 | 1 | 4 |
_aPlantas insecticidas. _989010 |
| 901 | _aBK | ||
| 942 | _cTESIS | ||
| 949 |
_bBC _cTES _d33724000789251 _eTS1 _h17964 _i16518 _sb |
||
| 999 |
_c11846 _d11846 |
||